Futurefit report (Record no. 112750)

MARC details
000 -LEADER
fixed length control field 01101cad a22001935a 4500
001 - CONTROL NUMBER
control field L153890
008 - FIXED-LENGTH DATA ELEMENTS--GENERAL INFORMATION
fixed length control field 110916s2011 xxk f 000 0 eng d
035 ## - SYSTEM CONTROL NUMBER
System control number (Sirsi) u153890
041 0# - LANGUAGE CODE
Language code of text/sound track or separate title eng
110 2# - MAIN ENTRY--CORPORATE NAME
Corporate name or jurisdiction name as entry element Affinity Sutton
9 (RLIN) 5975
245 00 - TITLE STATEMENT
Title Futurefit report
Remainder of title part one
Medium [electronic resource]
260 ## - PUBLICATION, DISTRIBUTION, ETC.
Place of publication, distribution, etc. London
Name of publisher, distributor, etc. Affinity Sutton
Date of publication, distribution, etc. 2011
520 ## - SUMMARY, ETC.
Summary, etc. £1.2m project gives an insight into how the Green Deal could work with social housing. With more than 200 homes taking part in the project initial findings show that there is a gap of approximately £3 000 per property between the net cost of carrying out the works and the value of energy savings. Also trials with a low package of works to the value of £6 500 (which is indicative of the Green Deal) the reduction in carbon emissions was only 18%.
590 ## - LOCAL NOTE (RLIN)
Local note KA NTK
651 #4 - SUBJECT ADDED ENTRY--GEOGRAPHIC NAME
Geographic name United Kingdom
Chronological subdivision
690 ## - LOCAL SUBJECT ADDED ENTRY--TOPICAL TERM (OCLC, RLIN)
Topical term or geographic name as entry element ENVIRONMENTAL AND LAND CONSULTANCY-ENERGY-ENERGY USE-ENERGY EFFICIENCY
856 40 - ELECTRONIC LOCATION AND ACCESS
Uniform Resource Identifier <a href="https://www.affinitysutton.com/pdf/6416_futurefit_report_latest.pdf">https://www.affinitysutton.com/pdf/6416_futurefit_report_latest.pdf</a>
Public note View the item free of charge at www.afinitysutton.com
942 ## - ADDED ENTRY ELEMENTS (KOHA)
Suppress in OPAC 0
Holdings
Withdrawn status Lost status Source of classification or shelving scheme Damaged status Not for loan Home library Current library Shelving location Date acquired Total Checkouts Full call number Barcode Date last seen Copy number Price effective from Koha item type
    Dewey Decimal Classification     Virtual Virtual Online 16/09/2011   ONLINE PUBLICATION 153890-2001 06/08/2019 1 06/08/2019 Book